NAPOJE, KTÓRE MOŻEMY PODAWAĆ NA CIEPŁO I NA ZIMNO - Statystyki

Ogólne statystyki
  • Ten quiz został rozwiązany 425 razy
  • Średni wynik to 3 z 5
Statystyki odpowiedzi
Odpowiedzi % Poprawnych
Herbata
97%
Kawa
96%
Kakao
54%
Wino
42%
Kompot
26%
Nie znaleziono quizów pasujących do podanych kryteriów
Rozkład punktacji
Procent ludzi z każdym wynikiem
Percentyl według liczby udzielonych odpowiedzi
Twoja historia wyników
Nie rozwiązałeś tego quizu